| 000 | 01461cam a22001934a 4500 | ||
|---|---|---|---|
| 005 | 20250605163935.0 | ||
| 008 | 250528s ||||||||||||||||||||||||d | ||
| 035 | _a14841 | ||
| 020 | _a195007956 | ||
| 040 |
_aGR-AtMCL _bgre _dGR-AtMCL _eAACR2 |
||
| 245 | 1 | _aMasses in Latin America | |
| 260 |
_bOxford University Press, _c1970 |
||
| 300 | _a614 | ||
| 520 | _aThe contributors seek to define the various public, interest groups, social sectors and ethnic and national elements existing in Latin America. Masses and Mobilization, Masses in Latin America, Development and Stagnation in Latin America, Working-Class Consciousness and Economic Development in Latin America, Agricultural Policy of Land Reform, Masses and Urbanization, The Political Integration of Lower-Class Urban Settlements in Chile and Peru, Urban Poverty in Latin America, Classes and Colonialism and Acculturation, Mass Immigration and Modernization in Argentina, Financing Land Reform: A Mexican Casebook, The Social Organization of Low-Income Families, Masses and Politicalization, State and Mass in Brazil, The Mechanics of Internal Domination and Social Change in Peru, Peasant Organization in Agrarian Reform in Mexico, Social Change and Rural Violence in Colombia, Mass and Class in the Origins of the Cuban Revolution, Mass Society and Social Class and the Emergence of Fascism. | ||
| 700 | 1 |
_aHorowitz Irving Louis _9609 |
|
| 942 | _cBK | ||
| 999 |
_c453 _d453 |
||